| 000 | 00699nam a22002537a 4500 | ||
|---|---|---|---|
| 005 | 20220114091339.0 | ||
| 008 | 220114b ||||| |||| 00| 0 eng d | ||
| 020 | _a8120204409 | ||
| 040 | _cAL | ||
| 082 |
_223 _a943 _bTOOG |
||
| 100 |
_aBrij Mohan Toofan _913155 |
||
| 245 | _aGermans Through The Ages | ||
| 260 |
_aDelhi _bAjanta Publications _c1995 |
||
| 300 |
_axix,179 p. _bHB _c22x14 cm. |
||
| 365 |
_b250.00 _c₹ _d250.00 |
||
| 650 |
_aGermans History _913148 |
||
| 650 |
_aSocialism _913149 |
||
| 650 |
_aCapitalism _913150 |
||
| 650 |
_aNationalism _913151 |
||
| 650 |
_aDemocracy _913152 |
||
| 650 |
_aPhilosophy _913153 |
||
| 700 |
_aTOOFAN (Brij Mohan) _913154 |
||
| 942 |
_2ddc _cGF |
||
| 999 |
_c221182 _d221182 |
||